00411nam a2200157Ia 45000010006000000050017000060080041000230410008000640820015000721000030000872450083001172600009002003000028002096500008002376540008002452137120260306172914.0260306t2021||||xx |||||||||||||| ||spa|| aESP a344.6bH96 aHurtado Pozo, JoséeAUT 0aExtinción de dominio y lucha contra la criminalidad organizada y económica c2021 a607 páginas :c25 cm. aGEN aCDE